5HLuxD.jpg

KING HENRY VIII SENIOR AND PRIMARY SCHOOL LIBRARY OPAC

The wonder of us / (Record no. 75)

000 -LEADER
fixed length control field 00928pam a2200325 i 4500
001 - CONTROL NUMBER
control field 021180898
003 - CONTROL NUMBER IDENTIFIER
control field UkOxU
005 - DATE AND TIME OF LATEST TRANSACTION
control field 20190725085642.0
008 - FIXED-LENGTH DATA ELEMENTS--GENERAL INFORMATION
fixed length control field 180109s2018 enk j 000|1|eng d
015 ## - NATIONAL BIBLIOGRAPHY NUMBER
National bibliography number GBB846210
Source bnb
016 7# - NATIONAL BIBLIOGRAPHIC AGENCY CONTROL NUMBER
Record control number 018784534
Source Uk
020 ## - INTERNATIONAL STANDARD BOOK NUMBER
International Standard Book Number 9781406377170 (pbk.) :
035 ## - SYSTEM CONTROL NUMBER
System control number (Uk)018784534
040 ## - CATALOGING SOURCE
Original cataloging agency StDuBDS
Language of cataloging eng
Description conventions rda
Transcribing agency StDuBDS
Modifying agency Uk
042 ## - AUTHENTICATION CODE
Authentication code ukblcatcopy
082 04 - DEWEY DECIMAL CLASSIFICATION NUMBER
Classification number FIC CUL
Edition number 23
100 1# - MAIN ENTRY--PERSONAL NAME
Personal name Culbertson, Kim A.,
Relator term author.
245 14 - TITLE STATEMENT
Title The wonder of us /
Statement of responsibility, etc. Kim Culbertson.
264 #1 - PRODUCTION, PUBLICATION, DISTRIBUTION, MANUFACTURE, AND COPYRIGHT NOTICE
Place of production, publication, distribution, manufacture London :
Name of producer, publisher, distributor, manufacturer Walker Books and Subsidiaries,
Date of production, publication, distribution, manufacture, or copyright notice 2018.
300 ## - PHYSICAL DESCRIPTION
Extent 373 pages ;
Dimensions 20 cm
336 ## - CONTENT TYPE
Content type term text
Source rdacontent
337 ## - MEDIA TYPE
Media type term unmediated
Source rdamedia
338 ## - CARRIER TYPE
Carrier type term volume
Source rdacarrier
500 ## - GENERAL NOTE
General note Formerly CIP.
Institution to which field applies Uk
530 ## - ADDITIONAL PHYSICAL FORM AVAILABLE NOTE
Additional physical form available note Also issued online.
655 #0 - INDEX TERM--GENRE/FORM
Genre/form data or focus term Young adult fiction.
776 08 - ADDITIONAL PHYSICAL FORM ENTRY
Relationship information ebook version :
International Standard Book Number 9781406384581
942 ## - ADDED ENTRY ELEMENTS (KOHA)
Source of classification or shelving scheme
Koha item type Books - Fiction
Holdings
Withdrawn status Lost status Source of classification or shelving scheme Damaged status Not for loan Collection code Permanent Location Current Location Shelving location Date acquired Total Checkouts Full call number Barcode Date last seen Date last checked out Price effective from Koha item type
          Fiction KH8 Senior School Library KH8 Senior School Library Fiction 2019-07-25 1 FIC CUL 3KHSL000100329 2024-07-16 2019-11-13 2019-07-25 Books - Fiction

Powered By KH8 IT Dept